Nhà văn bàn về nghề văn

Zapisane w:
Opis bibliograficzny
Format: Książka
Język:Undetermined
Wydane: Đà Nẵng Nxb. Đà Nẵng 1983
Hasła przedmiotowe:
Etykiety: Dodaj etykietę
Nie ma etykietki, Dołącz pierwszą etykiete!
Thư viện lưu trữ: Trung tâm Học liệu Trường Đại học Cần Thơ
LEADER 00571nam a2200169Ia 4500
001 CTU_8784
008 210402s9999 xx 000 0 und d
082 |a 801.95 
082 |b Nh100 
245 0 |a Nhà văn bàn về nghề văn 
245 0 |c Aragông T. ... [et al.] ; Ngô Thảo ( tuyển chọn và viết lời cuốn sách ) 
260 |a Đà Nẵng 
260 |b Nxb. Đà Nẵng 
260 |c 1983 
650 |a Creative writing,Fictions, theory of 
904 |i Qhieu sửa 
980 |a Trung tâm Học liệu Trường Đại học Cần Thơ